000 00524nam a2200181Ia 4500
999 _c23382
_d23382
003 OSt
005 20200215095724.0
008 190216s9999||||xx |||||||||||||| ||und||
020 _a9788182713239
040 _coclc
082 _a297.4
_bFAI/S
100 _aFaisy, K A Khadir
_92015
245 0 _aSoofisathinte Verukal /
_cK A Khadir Faisy
260 _bIslamic Publishing House,
_c2007.
_aKozhikode:
300 _a77p
650 _aIslamic History
942 _cBK
_2ddc
_h297.4
_iFAI/S
_k297.4
_mFAI/S